ბათუმის შოთა რუსთაველის სახელმწიფო უნივერსიტეტის ბიბლიოთეკა

Thinking, fast and slow / (ბიბ.ჩანაწერი № 62430)

000 -ლიდერი
ფიქსირებული სიგრძის საკონტროლო ველი 00619nam a22002057a 4500
003 - საკონტროლო ნომრის იდენტიფიკატორი
საკონტროლო ველი Ge_BSU
005 - ბოლო ოპერაციის თარიღი და დრო
საკონტროლო ველი 20241031145349.0
008 - ფიქსირებული სიგრძის მონაცემთა ელემენტები - ზოგადი ინფორმაცია
ფიქსირებული სიგრძის საკონტროლო ველი 241031s2011 enk||||| |||| 00| 0 eng d
020 ## - წიგნის საერთაშორისო სტანდარტული ნომერი
International Standard Book Number 9780141033570x
041 ## - ენის კოდი
Language code of text/sound track or separate title eng
080 ## - უნივერსალური ათობითი კლასიფიკაციის ინდექსი
Universal Decimal Classification number 159.9 K-16
100 ## - მთავარი ჩანაწერი - პიროვნების სახელი
Personal name Kahneman, Daniel
9 (RLIN) 23567
245 ## - ცნობა სათაურის შესახებ
Title Thinking, fast and slow /
Statement of responsibility, etc Daniel Kahneman.
264 ## - წარმოების, გამოცემის, დისტრიბუციის და სხვა ცნობები
გამოცემის, წარმოების, დისტრიბუციის... ადგილი London :
გამოცემის, წარმოების, დისტრიბუციის... სახელწოდება Penguin Books,
გამოცემის, წარმოების, დისტრიბუციის... თარიღი 2011.
300 ## - ფიზიკური აღწერა
Extent 500 p.;
Other physical details 21 cm.
653 ## - INDEX TERM--UNCONTROLLED
Uncontrolled term აზროვნება
653 ## - INDEX TERM--UNCONTROLLED
Uncontrolled term ინტუიცია
653 ## - INDEX TERM--UNCONTROLLED
Uncontrolled term გადაწყვეტილების მიღება
942 ## - ADDED ENTRY ELEMENTS (KOHA)
Source of classification or shelving scheme
Koha item type წიგნი
ეგზემპლარები
ჩამოწერის სტატუსი დაკარგული ეგზემპლარის სტატუსი კლასიფიკაციის წყარო ან თაროზე გაწყობის სქემა დაზიანების სტატუსი არ გაიცემა მუდმივი მდებარეობა (დაცვის ადგილი) ამჟამინდელი ადგილსამყოფელი თაროზე განთავსების ადგილი შეძენის თარიღი ღირებულება, შესყიდვის ნორმალური ფასი სრული შენახვის შიფრი შტრიხკოდი ბოლო ოპერაციის თარიღი ეგზემპლარის მიმდევრობითი ნომერი (კეტერი?) ფასის ძალაში შესვლის თარიღი ეგზემპლარის სახეობა საჯარო შენიშვნა
          ბათუმის შოთა რუსთაველის სახელმწიფო უნივერსიტეტის მთავარი ბიბლიოთეკა ბათუმის შოთა რუსთაველის სახელმწიფო უნივერსიტეტის მთავარი ბიბლიოთეკა წიგნსაცავი 2024-10-31 32.00 159.9 K-16 69562 2024-10-31 69562 2024-10-31 წიგნი 32 ლ.